Tomo X, año 1985 / [por] "Memoria de 'El colegio Nacional'"

Збережено в:
Бібліографічні деталі
Автор: "Memoria de 'El colegio Nacional'" (autor)
Формат: Книга
Предмети:
Теги: Додати тег
Немає тегів, Будьте першим, хто поставить тег для цього запису!

MARC

LEADER 00000nam^a2200000^u^4500
001 000541170
005 20250521000000.0
008 060220s1000^^^^^^^^^^^^r^^^^^000^0^spa^d
009 20260310131219.083
035 |a FMI 000009374 
037 |a Acervo Xavier Clavigero 
096 |a 3.5/73/C 
100 |a "Memoria de 'El colegio Nacional'"  |e (autor) 
245 1 0 |a Tomo X, año 1985 / [por] "Memoria de 'El colegio Nacional'" 
264 |a México : De el colegio nacional,1985 
300 |a 248 p. 
336 |a texto  |b txt  |2 rdacontenido 
337 |a sin mediación  |b n  |2 rdamedio 
338 |a volumen  |b nc  |2 rdasoporte 
597 |a Núm 4. 
649 |a XX 
650 |a HISTORIA DE MEXICO 
910 |a Fondo Francisco Migoya Covarrubias S.J. 
920 |a Impresos - Libros 
930 |a Fondos Especiales 
905 |a 134 
901 |a SBC19901  |b IT2  |c ESP  |u 20250521 
902 |a https://opac.biblio.iteso.mx/vufind/Record/000541170